Top 25 Most Produced Foods (In The World) - Statistics

General Stats
  • This quiz has been taken 101 times
  • The average score is 8 of 25
Answer Stats
Answer % Correct
2 Corn
83%
4 Wheat
83%
3 Rice
80%
20 Apples
58%
15 Bananas
52%
18 Chicken
52%
25 Oranges
49%
6 Potatoes
45%
13 Pork
42%
12 Barley
40%
1 Sugar cane
40%
21 Grapes
33%
11 Tomatoes
33%
7 Vegetables
28%
8 Soybeans
25%
19 Onions
23%
14 Watermelons
16%
9 Cassava
14%
10 Sugar beet
14%
24 Cucumbers
13%
16 Sweet potatoes
11%
23 Cabbages
10%
17 Milk (Buffalo)
1%
5 Milk (Cow)
1%
22 Rapeseed
1%
No matching quizzes found
Score Distribution
Percent of People with Each Score
Percentile by Number Answered
Your Score History
You have not taken this quiz